Phases finales de la Ligue des Champions 2023-2024. - Statistiques

Statistiques générales
  • Ce quiz a été pris 643 fois
  • Le résultat moyen est 12 sur 16
Statistiques - réponses
Réponse % Correct
Real Madrid
100%
Paris SG
99%
Borussia Dortmund
98%
Manchester City
96%
Bayern Munich
96%
FC Barcelone
96%
Inter Milan
85%
Atlético de Madrid
84%
Arsenal
82%
FC Porto
69%
RB Leipzig
67%
SSC Naples
67%
Real Sociedad
65%
PSV Eindhoven
51%
FC Copenhague
40%
SS Lazio
38%
Aucun quiz correspondant
Distribution des résultats
% des personnes avec chaque résultat
Percentile par nombre de réponses
Votre historique - résultats
Vous n’avez pas pris ce quiz